Associez les spécialités des magnets Le Gaulois aux départements - Statistiques

Statistiques générales
  • Ce quiz a été pris 20 fois
  • Le résultat moyen est 43 sur 94
Réponses sur la Carte
Les réponses sont colorées sur une échelle allant du rouge au vert en fonction du pourcentage des utilisateurs qui les ont devinées à leur premier essai. Vous pouvez retrouver ces pourcentages ci-dessous.
 
Statistiques - réponses
Réponse % Correct
La brioche vendéenne
100%
La gaufre fourrée Lilloise
100%
La Moutarde
100%
L'Arc de Triomphe
94%
Le cannelé
94%
Biscuits roses de Reims
88%
Le Bretzel
88%
La Feria de Nîmes
82%
La tarte Tropézienne
82%
Les croquants de Mende
82%
L'aligot
76%
L'andouillette de Troyes
76%
Le calisson
76%
Le piment d'Espelette
76%
Le Rougail saucisses
76%
Les carottes Vichy
76%
Les Lumières de Laval
76%
Hossegor
71%
La rosette
71%
Le Kouign amann
71%
Le labyrinthe géant des monts de Guéret
71%
Le Petit Beurre
71%
La lavande
65%
Le boudin créole
65%
Le Brocciu
65%
Le Pithiviers
65%
Les beignets de bananes
65%
Centre Pompidou de Metz
59%
Le Berrichon de l'____
59%
Le gratin Dauphinois
59%
Le nougat de Tours
59%
Le pruneau
59%
Tarte flambée
59%
Giverny
53%
La mirabelle
53%
La salade cauchoise
53%
La saucisse de Morteau
53%
Le Broyé poitevin
53%
Le Camembert
53%
Le caramel au beurre salé
53%
Le Langres
53%
Le poulet de Bresse
53%
Les Escargots de Bourgogne
53%
La Raclette
47%
La tomme des Pyrénées
47%
La violette
47%
Le château de Cheverny
47%
Le Lagon
47%
Le manioc
47%
Le Poulet (pas de Bresse)
47%
Les lentilles
47%
L'anchoïade
41%
Le cassoulet
41%
Le GR 20
41%
Championnat du Monde de Plongeon
35%
La billig
35%
La Place Forte de Mont-Dauphin
35%
Le basket-ball
35%
Le Chabichou
35%
Le chaudron
35%
Les Charolaises
35%
Aquarium Nausicaa
29%
Festival mondial des théâtres de Marionnettes
29%
La confiture de groseilles
29%
La quiche lorraine
29%
Le canoë
29%
Le crottin de Chavignol
29%
Les caramels d'Isigny
29%
Les fruits confits
29%
Les Huîtres creuses de Denneville
29%
La bullinada
24%
La caverne du dragon
24%
La cornuelle
24%
Centre International du vitrail
18%
La Fouée
18%
La soupe aux choux
18%
La Tour de l'Horloge
18%
Le safran
18%
La Cancoillotte
12%
La cerise
12%
La myrtille
12%
La Route du Rhum
12%
La truffe
12%
Le cèpe
12%
Le clafoutis aux cerises
12%
Le gâteau à la broche
12%
La fondue
6%
L'ail blanc de Lomagne
6%
L'avenue des Beaux-Monts
6%
Le château de Val
6%
Le cheval
6%
Le farcement
6%
Le pintadeau
6%
Le gâteau battu
0%
Aucun quiz correspondant
Distribution des résultats
% des personnes avec chaque résultat
Percentile par nombre de réponses
Votre historique - résultats
Vous n’avez pas pris ce quiz